000 00699nam a2200241 i 4500
001 bg
100 1 _aGALINA, Henryk
245 1 0 _aFizykochemia polimerów /
_cHenryk Galina.
260 _aRzeszów :
_bOficyna Wydawnicza Politechniki Rzeszowskiej,
_c1998.
300 _a228, [3] s. :
_bfot., rys., wykr. ;
_c24 cm.
500 _aStreszcz. ang.
504 _aBibliogr. s. 227-228 i przy rozdz.
650 9 _aChemia fizyczna
650 9 _aPolimery
_xfizyka
655 _aPodręczniki akademickie
020 _a8371990553
040 _cBPK
041 0 _apl
_ben
080 _a678.7:544:539.2](075.8)
920 _a83-7199-055-3
942 _cKS
008 s pl f |000 0 pol
999 _c38814
_d38814
856 _uhttp://koha.tu.koszalin.pl/cgi-bin/koha/opac-detail.pl?biblionumber=38814
_yKatalog online BPK